000 00456nam a2200181Ia 4500
001 13873
005 20260306164833.0
008 260306t2012||||xx |||||||||||||| ||spa||
041 _aESP
082 _a005.43
_bM36
100 _aMedia Active
_eAUT
245 0 _aAprender Windows 8 Consumer Preview con 100 ejercicios prácticos
260 _c2012
300 _a213 páginas :
_c24 cm.
650 _aGEN
654 _aCCC
942 _cLIB
_dJUS
_fJUS
_2ddc
_n
999 _c13873
_d13873